| 000 | 00547cam a2200205ua 4500 | ||
|---|---|---|---|
| 020 | _c8.00 | ||
| 041 |
_aeng _h |
||
| 082 |
_a539.7 _bJAC/BA |
||
| 100 | _aJacobs, Alan M . | ||
| 245 |
_aBasic principles of nuclear science and reactors / _cAlan M Jacobs. _hTextual Documents |
||
| 250 |
_a1 / _b. |
||
| 260 |
_aNew Delhi : _bAffiliated East West Press Pvt Ltd , _c1966. |
||
| 300 | _a262 ; . | ||
| 365 | _a8.00 | ||
| 504 | _a | ||
| 700 | 1 | _aKline, Donald E . | |
| 700 | 1 | _aRemick, Forest J . | |
| 942 | _cBK | ||
| 999 |
_c7451 _d7451 |
||